书目信息 |
| 题名: |
信息技术课程与教学论
|
|
| 作者: | 李伟 编著 | |
| 分册: | ||
| 出版信息: | 北京 科学出版社 2013 |
|
| 页数: | 11,233页 | |
| 开本: | 24cm | |
| 丛书名: | 课程教学论理论教育丛书 | |
| 单 册: | ||
| 中图分类: | G633.672 | |
| 科图分类: | ||
| 主题词: | 信息技术--课程--教学研究--中小学 , 信息技术 , 课程 , 教学研究 | |
| 电子资源: | ||
| ISBN: | 978-7-03-036875-1 | |
| 000 | 01182nam0 2200289 450 | |
| 001 | 523 | |
| 005 | 20140910081244.78 | |
| 010 | @a978-7-03-036875-1@dCNY45.00 | |
| 100 | @a20130628d2013 em y0chiy50 ea | |
| 101 | 0 | @achi |
| 102 | @aCN@b110000 | |
| 105 | @ay z 000yy | |
| 106 | @ar | |
| 200 | 1 | @a信息技术课程与教学论@AXin Xi Ji Shu Ke Cheng Yu Jiao Xue Lun@f李伟编著@FLi Wei Bian Zhu |
| 210 | @a北京@c科学出版社@d2013 | |
| 215 | @a11,233页@d24cm | |
| 225 | 2 | @a课程教学论理论教育丛书@f胡来林,彭小明主编 |
| 330 | @a本书以“信息技术课程论”和“信息技术教学论”两个篇章分别介绍了信息技术课程与教学的相关内容。“信息技术课程论”篇中由信息技术课程发展概况、信息技术课程标准、信息技术课程目标、信息技术教材及信息技术课程资源5章组成;“信息技术教学论”篇由信息技术教学的特点和原则、信息技术教学设计、信息技术教学方法、信息技术教学实践及信息技术教学评价5章组成。 | |
| 461 | 0 | @12001 @a课程教学论理论教育丛书 |
| 606 | 0 | @a信息技术@x课程@x教学研究@x中小学 |
| 606 | 0 | @a信息技术 |
| 606 | 0 | @a课程 |
| 606 | 0 | @a教学研究 |
| 690 | @aG633.672@v5 | |
| 701 | 0 | @a李伟@ALi Wei@c(信息技术教育)@4编著 |
| 801 | 0 | @aCN@bTANGWEI@c20140603 |
| 905 | @b0838393-95@dG633.672@e686@f3 | |
| 信息技术课程与教学论/李伟编著.-北京:科学出版社,2013 |
| 11,233页;24cm.-(课程教学论理论教育丛书/胡来林,彭小明主编) |
| ISBN 978-7-03-036875-1:CNY45.00 |
| 本书以“信息技术课程论”和“信息技术教学论”两个篇章分别介绍了信息技术课程与教学的相关内容。“信息技术课程论”篇中由信息技术课程发展概况、信息技术课程标准、信息技术课程目标、信息技术教材及信息技术课程资源5章组成;“信息技术教学论”篇由信息技术教学的特点和原则、信息技术教学设计、信息技术教学方法、信息技术教学实践及信息技术教学评价5章组成。 |
| ● |
| 相关链接 |
|
|
|
|
正题名:信息技术课程与教学论
索取号:G633.672/686
 
预约/预借
| 序号 | 登录号 | 条形码 | 馆藏地/架位号 | 状态 | 备注 |
| 1 | 0838393 | 208383934 | 第一样本阅览室/ [索取号:G633.672/686] | 在馆 | |
| 2 | 0838394 | 208383943 | 密集书库-物理学院/ [索取号:G633.672/686] | 在馆 | |
| 3 | 0838395 | 208383952 | 第四借阅区/ [索取号:G633.672/686] | 在馆 |